Reflections : (Record no. 126950)

MARC details
000 -LEADER
campo de control de longitud fija 02384nam a22002417a 4500
003 - IDENTIFICADOR DE NÚMERO DE CONTROL
campo de control BJBSDDR
005 - FECHA Y HORA DE LA ÚLTIMA TRANSACCIÓN
campo de control 20260429104629.0
007 - CAMPO FIJO DE DESCRIPCIÓN FÍSICA--INFORMACIÓN GENERAL
campo de control de longitud fija ta
008 - DATOS DE LONGITUD FIJA--INFORMACIÓN GENERAL
campo de control de longitud fija 260429s2025 nyu||||| |||| 00| 0 eng d
020 ## - NÚMERO INTERNACIONAL ESTÁNDAR DEL LIBRO
Número Internacional Estándar del Libro 9781538771501
020 ## - NÚMERO INTERNACIONAL ESTÁNDAR DEL LIBRO
Número Internacional Estándar del Libro 1538771500
040 ## - FUENTE DE CATALOGACIÓN
Lengua de catalogación spa
Centro/agencia transcriptor BJBSDDR
041 ## - CÓDIGO DE IDIOMA
Código de lengua del texto/banda sonora o título independiente eng
050 ## - SIGNATURA TOPOGRÁFICA DE LA BIBLIOTECA DEL CONGRESO
Número de ítem D278 2025
100 1# - ENTRADA PRINCIPAL--NOMBRE DE PERSONA
Nombre de persona Deakins, Roger
9 (RLIN) 48190
245 10 - MENCIÓN DEL TÍTULO
Título Reflections :
Resto del título on cinematography /
Mención de responsabilidad, etc. Roger A. Deakins
250 ## - MENCION DE EDICION
Mención de edición First edition.
260 ## - PUBLICACIÓN, DISTRIBUCIÓN, ETC.
Lugar de publicación, distribución, etc. New York :
Nombre del editor, distribuidor, etc. Grand Central Publishing,
Fecha de publicación, distribución, etc. 2025
300 ## - DESCRIPCIÓN FÍSICA
Extensión i, 403 pages :
Otras características físicas illustrations ;
Dimensiones 27 cm
520 ## - RESUMEN, ETC.
Sumario, etc. From a two-time Academy Award winner widely regarded as the greatest cinematographer of all time--a one-of-a-kind visual memoir, telling his life's story by way of his iconic, beloved films. Cinematography is both an art and science--capturing motion requires a combination of skill, ingenuity, and artistic genius. Lighting, camera movement, and framing are just a few of the important components in the process of turning words on a page into unforgettable moving images. Over the course of a brilliant 50-year career, Sir Roger Deakins has proven to be the greatest artist & visionary that the craft of cinematography has ever known. In Reflections: On Cinematography, Deakins offers his fans and film enthusiasts a one-of-a-kind look into his life and improbable road to Hollywood immortality. Readers will discover how "the boy from Torquay, England" overcame a troubled childhood to enter his way into art school; his fortuitous entry into world of documentary filmmaking (including a yacht race around the world); to shooting groundbreaking music videos such as Herbie Hancock's "Rock It," to his singular film career, including his longtime collaborations with the Coen Brothers, Sam Mendes, and Denis Villeneuve. Filled with never-before-seen storyboards, sketches, and diagrams, Rogers shows readers how he created some of the most iconic scenes in the most beloved films of all time. Through candid, lyrical prose, Deakins reflects on his life and each of his projects; how he helped shape them, and how they shaped him. A truly unique visual memoir, Reflections is for film fans and general readers alike, and for anyone looking to find inspiration, beauty, and creativity by looking through the singular lens with which Roger views the world.
942 ## - ELEMENTOS DE ENTRADA SECUNDARIOS (KOHA)
Fuente del sistema de clasificación o colocación Clasificación de Library of Congress
Suprimir en OPAC No
Tipo de ítem Koha Libro
946 ## - PROCESAMIENTO DE INFORMACIÓN LOCAL (OCLC)
Iniciales del agente catalogador cmc
Holdings
Estatus retirado Estado de pérdida Fuente del sistema de clasificación o colocación Estado de daño No para préstamo Colección Biblioteca de origen Biblioteca actual Ubicación en estantería Fecha de adquisición Signatura topográfica completa Código de barras Visto por última vez Copia número Tipo de ítem Koha
    Clasificación de Library of Congress     Automatización y Procesos Técnicos Biblioteca Juan Bosch Biblioteca Juan Bosch Automatización y Procesos Técnicos (1er. Piso) 29/04/2026 D278 2025 00000199732 29/04/2026 1 Libro